| 000 | 00704nam a22002292 4500 | ||
|---|---|---|---|
| 001 | 0000012818 | ||
| 005 | 20151217152114.0 | ||
| 008 | 090320s xx 000 0 eng d | ||
| 020 | _a0198507567 : | ||
| 040 |
_aKABU _cKABU |
||
| 100 | 1 |
_aAnnett, James F. _@0000169767 |
|
| 245 | 1 | 0 |
_aSuperconductivity, superfluids and condensates / _cJames F. Annett. |
| 250 | _a1st ed. | ||
| 260 |
_aOxford : _bO. U. P., _c2004. |
||
| 300 | _axi, 186 p. | ||
| 650 | 0 |
_aBose-Einstein condensation. _@0000169768 |
|
| 650 | 0 |
_aSuperconductivity. _@0000144687 |
|
| 650 | 0 |
_aSuperfluidity. _@0000169769 |
|
| 852 | 1 | _9p3337.50 KES | |
| 908 | _a090320 | ||
| 950 | _@1 | ||
| 999 |
_c8334 _d8334 |
||